Das ultimative 200er-Quiz - Statistiken

Allgemein
  • Dieses Quiz wurde 396 mal gespielt
    368 seit der letzten Aktualisierung
  • Das Durchschnittsergebnis liegt bei 122 aus 200
Antwortstatistiken
Nummer Frage Antwort % Korrekt
1 Wie viele Bundesländer hat Deutschland? 16
99%
4 Zu welchem Kontinent gehört China? Asien
99%
2 In welchem Land befindet sich der Eiffelturm? Frankreich
99%
3 Wer war Michael Jackson? (Beruf) Sänger
99%
8 Wie viele Bälle benötigt man zum Fußball spielen? 1
98%
9 Wie viele Spieler hat eine Fußballmannschaft? 11
98%
7 Wie viele Beine hat eine Spinne? 8
98%
5 Was ist die Hauptstadt von Deutschland? Berlin
98%
12 Wie viele Tage hat ein Jahr (in der Regel)? 365
97%
15 Wie nennt man den Bruder vom Vater? Onkel
97%
17 Welches ist das flächenmäßig größte Land der Welt? Russland
97%
11 Um welchen Himmelskörper kreist die Erde? Sonne
97%
6 Für welches Element steht die chemische Formel H20? Wasser
97%
14 In welchem Jahrhundert fand der 2. Weltkrieg statt? 20. Jahrhundert
96%
20 Wie viele Stunden hat ein Tag? 24
96%
16 Welches Land ist für seine Kängurus bekannt? Australien
96%
21 Tokio ist die Hauptstadt von welchem Land? Japan
96%
23 Von welchem Land ist Donald Trump der neue Präsident? USA
96%
32 Welche Sportart wird mit einem Ball und einem Korb gespielt? Basketball
95%
28 Was ist die Währung in den USA? Dollar
95%
27 Was ist die Währung in den meisten europäischen Staaten? Euro
95%
30 Welche Farbe hat eine reife Banane normalerweise? Gelb
95%
22 Welches ist das bevölkerungsreichste Land der Welt? Indien
95%
25 Welches Tier ist als „König der Tiere“ bekannt? Löwe
95%
13 Welcher bekannte Fluss fließt durch Kairo, die Hauptstadt von Ägypten? Nil
95%
31 In welchem Monat feiern wir Reformationstag / Halloween? Oktober
95%
10 Welches Tier ernährt sich überwiegend von Bambus? Panda
95%
18 Welcher Planet ist bekannt für seine Ringe? Saturn
95%
29 Welche ist die Landessprache Spaniens? Spanisch
95%
34 Wie viele Monate hat ein Jahr? 12
94%
24 Welches Land ist Rekordweltmeister im Fußball? Brasilien
94%
35 In welchem heutigen Land entstand das Römische Reich? Italien
94%
37 Was ist das Gegenteil von heiß? Kalt
93%
40 Welche Sprache wird (nahezu) auf der ganzen Welt gesprochen? Englisch
92%
36 Welche war die erste Nation auf dem Mond? USA
92%
33 Wo leben Pinguine hauptsächlich? Antarktis
91%
41 Wie heißt der Gründer von Tesla? Elon Musk
90%
19 Was zelebrieren Christen am Heiligabend? Geburt Jesu
90%
39 Was ist die Währung in Großbritannien? Pfund
90%
42 Mit welchem Fest feiern wir den Einstieg in das neue Jahr? Silvester
90%
47 Auf welchem Kontinent liegt die Wüste Sahara? Afrika
89%
38 Welcher große Ozean trennt Nordamerika und Europa? Atlantischer Ozean
89%
50 In welcher Stadt ist die Freiheitsstatue zu finden? New York
89%
48 Welchen Kontinent kolonialisierte Spanien hauptsächlich? Südamerika
88%
64 Wie viele Kontinente gibt es? 7
86%
49 Welcher Physiker ist für die Relativitätstheorie bekannt? Albert Einstein
86%
45 Welches Studio produzierte Filme wie „Der König der Löwen“ oder „Das Dschungelbuch“? Disney
86%
57 Wie heißt die Hauptstadt von USA? Washington
86%
52 In welchem Jahr fiel die Berliner Mauer? 1989
85%
63 Wie viele Planeten hat unser Sonnensystem? 8
85%
69 An wie viele Länder grenzt Deutschland? 9
85%
55 Aus welchem Land kommt die Automarke Porsche? Deutschland
85%
26 Welches Element hat das Symbol O im Periodensystem? Sauerstoff
85%
62 Teneriffa, Gran Canaria und Ibiza gehören zu welchem Land? Spanien
85%
53 Wie heißt das südlichste Land Afrikas? Südafrika
85%
51 Wie heißt der deutsche Bundesliga Rekordmeister? FC Bayern München
84%
61 Wie heißt die Hauptstadt der Türkei? Ankara
83%
44 Wie hieß der erste deutsche Bundeskanzler? Konrad Adenauer
83%
58 Wie hoch ist die Mehrwertsteuer (in Prozent)? 19
82%
73 Zu welchem Land gehört Grönland politisch? Dänemark
82%
66 Wer war der erste Mensch auf dem Mond? Neil Armstrong
82%
74 Welche Parteien gehörten zu der großen Koalition (Vorgänger der Ampel-Regierung, eine reicht)? CDU, SPD
81%
86 4-3x2=? -2
80%
83 Was ist die Hauptstadt Belgiens? Brüssel
80%
67 Wofür stand die Abkürzung DDR? Deutsche Demokratische Republik
80%
76 Wer schrieb die Tragödie „Faust“? Johann Wolfgang von Goethe
79%
56 Wie heißt der spanische Klub, bei dem Cristiano Ronaldo spielte? Real Madrid
79%
59 Wie heißt die Hauptstadt von NRW? Düsseldorf
78%
60 Wo fanden die Olympischen Spiele 2024 statt? Frankreich / Paris
78%
91 Wie heißt das bekannteste schwedische Möbelhaus? IKEA
78%
95 Wie heißt das bekannteste Volksfest Bayerns? Oktoberfest
78%
94 Warschau ist die Hauptstadt welchen Landes? Polen
78%
43 Welcher historische Staat, der sich über Teile Europas und Asiens erstreckte, zerfiel im Jahr 1991? Sowjetunion
78%
97 Welches bekannte Schiff sank 1912? Titanic
78%
65 In welchem Meer / Gewässer liegt die Insel Wangerooge? Nordsee
77%
87 In welchem Stadtstaat ist der Hauptsitz der katholischen Kirche? Vatikanstadt
77%
92 Wie heißt das bekannteste Buchreihe von J.K Rowling? Harry Potter
76%
96 Das Monster von Loch Ness, wohnt der Sage nach in welchem Land? Schottland
76%
72 Welches ist das höchste Amt im deutschen Staat? Bundespräsident
75%
75 Wer ist der Ministerpräsident von Bayern? Markus Söder
73%
104 Welches ist das kleinste Land der Welt? Vatikanstadt
73%
70 Wie heißt die Hauptstadt von Argentinien? Buenos Aires
72%
84 Pi dient zur Bestimmung welcher geometrischen Form? Kreis
72%
109 Welche ist die drittgrößte Stadt Deutschlands (nach Einwohnerzahl)? München
71%
101 In welchem Land gibt es die höchsten Gebirge? Nepal
71%
68 Wie heißen die vier biblischen Evangelisten? (Einer reicht) Matthäus, Markus, Lukas, Johannes
70%
82 Was ist die Hauptstadt Kanadas? Ottawa
70%
85 Wie heißt das bekannteste Computer Betriebssystem? Windows
70%
146 Nennen Sie eine der drei Grundfarben? blau / gelb / rot
69%
139 0x132=? 0
68%
126 Wie heißt der beliebteste amerikanische Sport American Football
68%
148 Wie heißt die bekannteste deutsche Sportmarke? Adidas
67%
107 Wie heißt die richterliche Gewalt in Deutschland? Judikative
67%
105 Wie heißt die gesetzgebende Gewalt in Deutschland? Legislative
67%
54 Aus welchem Land kommen die Kinderserien-Pinguine: Rico, Skipper, Kowalski und Private? Madagaskar
67%
141 Welche Krankheit tötete Millionen Menschen zwischen 1346 und 1353? Pest
67%
140 Wie viele Staaten hat die USA offiziell? 50
66%
137 Was ist der bekannteste deutsche Supermarkt neben Lidl und Edeka? Aldi
66%
149 Was isst man klassischer Weise zu Thanks-Giving? Truthahn
66%
129 Wann begann der erste Weltkrieg? 1914
65%
136 Welches Land stellt die besten Taschenmesser her? Schweiz
65%
132 Baklava ist Speise welchen Landes? Türkei
65%
127 Wie heißt die bekannteste deutsche Tennislegende? Boris Becker
64%
93 Wie heißt ein nicht befestigtes Land? Insel
64%
46 Dieser Konzern übernahm welches Zeichentrickfilm-Studio im Jahr 2006 für 7,4 Milliarden Dollar? Pixar
64%
98 Welche Schauspielerin spielt Hermine Granger in Harry Potter? Emma Watson
63%
135 Wie heißt das bekannteste Pokemon? Pikachu
63%
99 Wie heißt ein bekannter deutscher Rapper mit Skibrille? Ski Aggu
63%
102 Wie lautet der erste Satz des deutschen Grundgesetzes? Die Würde des Menschen ist unantastbar.
62%
80 Wofür steht die Abkürzung „GmbH“? Gesellschaft mit beschränkter Haftung
62%
100 Welches Land hat eine Flagge mit rotem Drachen auf grün-weißem Grund? Wales
62%
106 Wie heißt die vollziehende Gewalt in Deutschland? Exekutive
61%
113 Wer ist Eishockey Rekordweltmeister? Kanada
61%
79 Wer hat den Song „All I Want for Christmas Is You“ gesungen? Mariah Carey
61%
89 Wo fand die Fußball-Weltmeisterschaft 2018 statt? Russland
61%
150 Wie heißt ein Retro-Videospiel, in dem man mit einer gelben Kugel vor Geistern fliehen muss? Pac Man
60%
108 In welchem Jahr wurde das Attentat auf John F. Kennedy ausgeübt? 1963
59%
134 Wie heißt das Handyspiel in dem man Vögel per Schleuder in die Luft schießt? Angry Birds
59%
182 Welcher Begriff fehlt in dem Spruch: „Morgenstund hat… im Mund“? Gold
59%
90 Eine unausgefüllte Musiknote mit Hals ist eine … Note? Halbe
59%
131 Wie heißt der Fußball Verein Gelsenkirchens? Schalke 04
59%
124 Wie heißt ein bekanntes Videospiel in Block Grafik? Minecraft
58%
123 Wie heißt ein Pixar Film, in dem ein Haus an Luftballons schwebt? Oben
58%
111 Welcher Partei gehört Marco Buschmann an? FDP
57%
147 Was ist der Hauptbestandteil von Glas? Quarzsand
57%
81 Welcher Maler ist für seine Bilder, die Sonnenblumen darstellen, bekannt? Vincent van Gogh
57%
157 In welchem Jahr wurde das erste iPhone vorgestellt? 2007
56%
183 In wie viele Staaten zerfiel Jugoslawien? 5
56%
143 Wie wird das Ruhrgebiet noch genannt? Ruhrpott / Kohlenpott
55%
122 Die Highlands sind Berge welchen Landes? Schottland
55%
144 Wie heißt die bevölkerungsreichste Stadt der Welt? Tokio
55%
115 Wer spielte „Forrest Gump“? Tom Hanks
55%
118 Wie viele Knochen hat das menschliche Ohr? 3
53%
78 Welches ist das Formelzeichen für Kraft in der Physik? F
53%
176 Auf welchem Kontinent befindet sich die größte Wüste der Welt? Antarktis
52%
138 Welcher Kroate gewann den Balon d‘Or? Luka Modric
52%
125 In welchem Land liegt das Baskenland? Spanien
52%
77 Wo sitzt das Europäische Parlament? Straßburg
52%
128 Welches Land gewann die WM 1966? England
48%
71 Wofür steht die Abkürzung IT? Informationstechnik
47%
171 Wie heißt der freche Kobold von Meister Eder? Pumuckl
47%
130 Wie heißt ein Eisbecher bestehend aus Sahne, Vanille und Erdbeersoße? Spaghetti Eis
47%
153 Wie lautet das chemische Symbol für Blei? Pb
46%
142 Wie heißt das Schnabeltier aus der Serie Phineas und Ferb? Perry
45%
162 In welchem Jahr feierte Michael Schumacher sein Debüt in der Formel 1? 1991
44%
159 Wie heißt die Hauptstadt der Philippinen? Manila
44%
161 Wie heißt die Hauptstadt von Uruguay? Montevideo
44%
103 Wie lautet der Sammelbegriff aller Tierarten? Fauna
43%
121 Wer wurde in der Saison 2015/16 englischer Fußballmeister? Leicester City
43%
166 Nach Sprichwort sollst du Eichen weichen und was suchen? Buchen
42%
173 In welcher Stadt steht die spanische Treppe? Rom
40%
119 Wie heißt die Hauptstadt von Texas? Austin
38%
197 Wie vielen Geistern begegnet Scrooge in Dickens‘ Weihnachtsgeschichte? 4
37%
160 In welchem Körperorgan wird Insulin produziert? Bauchspeicheldrüse
37%
156 Von welchem berühmten Dichter stammt der Ausspruch: „Sein oder Nichtsein, das ist hier die Frage“? William Shakespeare
37%
120 In welchem Jahr startete der Vietnamkrieg? 1955
36%
145 Wie heißt die Mehrzahl von „Oktopus“? Oktopoden
35%
88 Wie nennt man Funktionen die durch den 0 Punkt laufen und gleich ansteigen? Linear
34%
200 Dieses ist das wievielte Quiz auf unserem Kanal? 200
32%
184 Sonic ist das Maskottchen welcher Firma? SEGA
32%
175 Was ist japanischer Nationalsport? Sumo-Ringen
32%
186 Welches ist das einzige, dass Küstenlinie am Persischen Golf und am Kaspischen Meer besitzt? Iran
29%
110 Welche Staatsform hat England? Parlamentarische Monarchie
29%
158 Welches Ereignis war die Ursache für den dreißigjährigen Krieg? Prager Fenstersturz
27%
188 In welchem Jahr wurden die ersten Olympischen Sommerspiele (der Neuzeit) ausgetragen? 1896
25%
191 Wer war von 1979 bis 1990 Premierminister des Vereinigten Königreichs? Margaret Thatcher
24%
152 Wer gilt als Verfasser der amerikanischen Unabhängigkeit? Thomas Jefferson
24%
112 Wer ist Eishockey Weltmeister 2024? Tschechien
23%
151 Welches Land hat weltweit die größten Erdölreserven? Venezuela
23%
117 Welches Wort wurde im Jahr 2024 zum Jugendwort des Jahres gewählt? Aura
22%
116 Wer war der erste Bundespräsident der Bundesrepublik Deutschland? Theodor Heuss
22%
172 In welchem Gebiet wurde Winston Churchill einen Nobelpreis verliehen? Literatur
21%
196 In welcher US-Amerikanischen Stadt befindet sich der Flughafen „O’Hare International Airport“? Chicago
20%
177 Welcher James Bond-Schauspieler ist im Jahr 2017 verstorben? Roger Moore
20%
169 Wie viele Jahre brauchte Goethe um das Buch „Faust“ fertig zustellen? 64
19%
168 Was hält die Freiheitsstatue in ihrer linken Hand? Tabula ansata
19%
192 Wie heißt die griechische Göttin der Jagd? Artemis
18%
178 Wie viele Elemente findet man im Periodensystem? 118
17%
167 Was soll der blaue Kreis im Inneren der brasilianischen Flagge darstellen? Nachthimmel
16%
114 Wer verfasste den Roman „Im Westen nichts Neues“? Erich Maria Remarque
15%
170 Mount Vernon war der Landsitz welches US-Amerikanischen Präsidenten? George Washington
14%
154 Welche Schicht der Atmosphäre ist der Erde am nächsten? Troposphäre
14%
189 Aus welcher italienischen Region stammt der Wein Marsala? Sizilien
12%
195 In welchem Jahr wurde Napoleon Bonaparte geboren? 1769
11%
185 Wie heißt das Stadion des NFL-Teams Kansas City? Arrowhead / Pfeilspitze
11%
133 Was war Frauengold in den 1970er-Jahren? Ein Getränk
11%
190 Welches chemische Element hat die Ordnungszahl 18? Argon
10%
179 Welche Göttin erkennt man im Gegenlicht auf dem 5-Euro-Schein? Europa
10%
174 Was ist ein Beaujolais? Wein
9%
198 Wie heißt der 31. Bundesstaat der USA? Kalifornien
7%
199 Was heißt „questionnaire“ auf Deutsch? Quiz
7%
164 Wer gilt als Erfinder des Periodensystems der Elemente? Dmitri Iwanowitsch Mendelejew
6%
181 Wie heißt das meist verkaufte PS1-Spiel jemals? Gran Turismo
5%
155 Wie lautet das berühmte Zitat von Neil Armstrong (auf Deutsch)? Dies ist ein kleiner Schritt für einen Menschen, aber ein riesiger Sprung für die Menschheit.
4%
180 Wie ist der Spitzname von Abraham Lincoln? Honest Abe / ehrlicher Abe
4%
163 Welcher Vogel wurde im Jahr 2024 zum Vogel des Jahres gewählt? Kiebitz
4%
165 Wer erhielt den ersten Friedensnobelpreis? Henry Dunant
3%
187 Wer ist die am häufigsten gegoogelte Person 2018? Meghan Markle
3%
194 Wer hat den Planeten Uranus entdeckt? Wilhelm Herschel
3%
193 In welchem Jahr wurde das chemische Element Lithium entdeckt? 1817
2%
Keine übereinstimmenden Quizze gefunden
Verteilung der Resultate
Anzahl Personen mit jedem Resultat
Perzentil nach korrekt beantworteten Fragen
Ihre Resultats-Entwicklung
Sie haben dieses Quiz seit der letzten Aktualisierung nicht gespielt